000 00965cam a2200301 a 4500
001 3279
005 20240223100311.0
020 _a9780064440936
040 _aDLC
_cDLC
_dDLC
_beng
050 0 0 _aPZ7.H635
_b1985
082 0 0 _a372.64
100 1 _aHoban, Lillian
245 1 0 _aArthur's loose tooth /
_cby Hoban , Lillian
260 _aNew York :
_bHarperCollins ,
_c1985
300 _a63 pages :
_bcolor illustrations ;
_c23 cm.
490 _a Arthur
505 _aJ
520 _aArthur the chimp is a little worried about losing his loose tooth, until his sister and their babysitter show him the real meaning of bravery.
521 _a500
_bLexile
521 _aJ
_bRaz-Plus
650 1 _aTeeth
_xFiction
650 1 _aCourage
_xFiction
650 1 _aSiblings
_xFiction.
650 1 _aBabysitters and babysitting
_xFiction
650 1 _aChimpanzees
_xFiction
906 _a7
_bcbu
_corignew
_d1
_eocip
_f19
_gy-gencatlg
942 _2ddc
_cBK
_n0
999 _c3279
_d3279